Statistics for Country and Capital Neighbour Connect with Disappearing World Map: Shortest Name

Click here to take the quiz!

General Stats

  • This quiz has been taken 89 times
  • The average score is 178 of 392

Answer Stats

Hint Hint Country/Capital % Correct
802.8307.7Apia
100%
802.8307.7Samoa
92%
487.6125Baku
76%
501.3152.5Iran
76%
478.8149.9Iraq
76%
462.3158.9Amman
76%
467143Syria
76%
608207.9Thailand
74%
556185.9India
74%
583181.8Dhaka
74%
597188.5Myanmar
74%
608207.9Bangkok
74%
616219.1Cambodia
74%
624.3219.9Vietnam
74%
616219.1Phnom Penh
74%
635.5264Jakarta
74%
610.3247.2Malaysia
74%
638.6246.1Brunei
74%
610.3247.2Kuala Lumpur
74%
624.3219.9Hanoi
74%
664.3290.8Dili
74%
664.3290.8East Timor
74%
635.5264Indonesia
74%
703.7282.4Papua New Guinea
74%
615140.9Beijing
74%
703.7282.4Port Moresby
74%
610.3194.9Laos
74%
418108Croatia
74%
615140.9China
74%
437.8117.9Sofia
74%
430129Athens
74%
430129Greece
74%
429.5121.7Skopje
74%
427.5118.5Kosovo
74%
427.6113Serbia
74%
418108Zagreb
74%
460.3130.6Ankara
74%
424.4103.1Hungary
74%
57752Moscow
74%
450.696Kiev
74%
401.757Oslo
74%
401.757Norway
74%
43870.6Latvia
74%
43870.6Riga
74%
443.481.2Minsk
74%
57752Russia
74%
436.7107.1Bucharest
58%
427.6113Belgrade
58%
413106.5Ljubljana
58%
413106.5Slovenia
58%
41493.8Czech Republic
58%
42398Bratislava
58%
42398Slovakia
58%
424.4103.1Budapest
58%
423.687.1Warsaw
58%
436.7107.1Romania
58%
444.4102Moldova
58%
450.696Ukraine
58%
443.481.2Belarus
58%
40489.9Germany
58%
414.2100.9Austria
58%
402103.1Vaduz
58%
414.2100.9Vienna
58%
429.5121.7Macedonia
58%
41493.8Prague
58%
437.8117.9Bulgaria
58%
434.376.3Lithuania
58%
425.5124Tirana
58%
39386.9Amsterdam
58%
40489.9Berlin
58%
402103.1Liechtenstein
58%
398.4103.5Switzerland
58%
401.573.5Copenhagen
58%
401.573.5Denmark
58%
394.394.2Luxembourg (cap)
58%
394.394.2Luxembourg
58%
39386.9Netherlands
58%
39191Brussels
58%
425.5124Albania
58%
39191Belgium
58%
434.376.3Vilnius
58%
444.4102Chișinău
58%
421113Bosnia and Herzegovina
58%
423.7117.8Montenegro
58%
421113Sarajevo
58%
423.7117.8Podgorica
58%
427.5118.5Pristina
58%
423.687.1Poland
58%
398.4103.5Bern
58%
386105France
58%
501.3152.5Tehran
58%
462.3158.9Jordan
58%
478.8149.9Baghdad
58%
487.6125Azerbaijan
58%
480.5125Yerevan
58%
479120Tbilisi
58%
479120Georgia
58%
480.5125Armenia
58%
460.3130.6Turkey
58%
528149.2Kabul
58%
447171.3Cairo
58%
535.7164.2Pakistan
58%
584.1169.4Thimphu
58%
584.1169.4Bhutan
58%
569.8166.5Kathmandu
58%
569.8166.5Nepal
58%
556185.9New Delhi
58%
416.4124.2Italy
58%
638.6246.1Bandar Seri Begawan
58%
459157Israel
58%
597188.5Naypyidaw
58%
447171.3Egypt
58%
347212Dakar
58%
416.4124.2Rome
58%
386105Paris
58%
372127.5Spain
58%
366153.5Rabat
58%
384.2167.2Algeria
58%
403.3203.9Niamey
58%
377202.2Bamako
58%
403.3203.9Niger
58%
377202.2Mali
58%
383232.4Lomé
58%
422.6209.4Chad
58%
377219Burkina Faso
58%
385.7225Benin
58%
398230.8Abuja
58%
383232.4Togo
58%
378.2234.5Accra
58%
378.2234.5Ghana
58%
419.3172.9Libya
58%
384.2167.2Algiers
53%
459.1282.5Dodoma
53%
465.8259.9Kenya
53%
449.6239.5Juba
53%
448.5209.5Sudan
53%
419.3172.9Tripoli
53%
401148Tunis
53%
372127.5Madrid
53%
366153.5Morocco
53%
384118.7Andorra la Vella
53%
384118.7Andorra
53%
37786United Kingdom
53%
36382.5Ireland
53%
36382.5Dublin
53%
37786London
53%
361.7127.6Portugal
53%
361.7127.6Lisbon
53%
447.8267.7Rwanda
53%
447.8267.7Kigali
53%
448.5209.5Khartoum
53%
453.1256.6Uganda
53%
404255.8Malabo
53%
218384Santiago
53%
420301.2Angola
53%
433267.2Kinshasa
53%
427.6239Central African Republic
53%
422.6209.4N'Djamena
53%
398230.8Nigeria
53%
407247Cameroon
53%
406.5264Gabon
53%
453.1256.6Kampala
53%
407247Yaoundé
53%
427.6239Bangui
53%
470234.2Ethiopia
53%
476.4221.6Djibouti (cap)
53%
466.3209.2Eritrea
53%
466.3209.2Asmara
53%
476.4221.6Djibouti
53%
488230Somalia
53%
254.9370.2Montevideo
53%
465.8259.9Nairobi
53%
234373Buenos Aires
53%
204265.5Quito
53%
180.9203.6Belize
53%
177.4210Guatemala
53%
184.5210.7Honduras
53%
192228San José
53%
198232.5Panama
53%
216.3247.5Colombia
53%
204265.5Ecuador
53%
216.3247.5Bogotá
53%
180.9203.6Belmopan
53%
266294Brasília
53%
248.9339.7Asunción
53%
236319Bolivia
53%
236319La Paz
53%
218384Chile
53%
208292Peru
53%
208292Lima
53%
266294Brazil
53%
151182Mexico
53%
188.2218.1Managua
53%
151182Mexico City
53%
198232.5Panama City
53%
234373Argentina
53%
254.9370.2Uruguay
53%
254.4248.1Paramaribo
53%
232235Venezuela
53%
153129United States
53%
254.4248.1Suriname
53%
248242Guyana
53%
232235Caracas
53%
248242Georgetown
53%
192228Costa Rica
53%
153129Washington D.C.
53%
188.2218.1Nicaragua
53%
14366Canada
53%
14366Ottawa
53%
248.9339.7Paraguay
53%
177.4210Guatemala City
53%
180.4215El Salvador
53%
180.4215San Salvador
53%
184.5210.7Tegucigalpa
53%
420301.2Luanda
50%
447325Harare
50%
467309.5Maputo
50%
456307Malawi
50%
438310Zambia
50%
418328Namibia
50%
435336.1Botswana
50%
435336.1Gaborone
50%
438310Lusaka
50%
431365Pretoria
47%
444360.5Maseru
47%
451.3350.1Mbabane
45%
444360.5Lesotho
45%
431365South Africa
45%
451.3350.1Swaziland
42%
467309.5Mozambique
42%
456307Lilongwe
42%
459.1282.5Tanzania
42%
447.8272.6Burundi
42%
447.8272.6Bujumbura
42%
433267.2Democratic Republic of the Congo
42%
416.9260.5Republic of the Congo
39%
404255.8Equatorial Guinea
39%
406.5264Libreville
39%
416.9260.5Brazzaville
39%
488230Mogadishu
39%
470234.2Addis Ababa
39%
449.6239.5South Sudan
39%
401148Tunisia
37%
347.7220.3Guinea-Bissau
37%
354195.5Nouakchott
37%
354195.5Mauritania
37%
344216Gambia
37%
344216Banjul
37%
347212Senegal
37%
368235.9Yamoussoukro
37%
354232.9Sierra Leone
37%
359.2239.6Monrovia
37%
354232.9Freetown
37%
353.3224.2Conakry
37%
347.7220.3Bissau
37%
353.3224.2Guinea
37%
368235.9Cote d'Ivoire
37%
377219Ouagadougou
37%
385.7225Porto-Novo
37%
418328Windhoek
37%
447325Zimbabwe
37%
359.2239.6Liberia
37%
461.7146.8Beirut
34%
495.7176.2Qatar
34%
495.7176.2Doha
34%
482.1179.9Riyadh
34%
467143Damascus
34%
461.7146.8Lebanon
34%
408.5113.9San Marino (cap)
34%
459157Jerusalem
34%
408.5120.7Vatican City (cap)
34%
408.5120.7Vatican City
34%
408.5113.9San Marino
34%
397.2114.5Monaco (cap)
34%
397.2114.5Monaco
34%
487162.9Kuwait City
32%
502182.5Abu Dhabi
32%
502182.5United Arab Emirates
32%
487162.9Kuwait
32%
509.33187.2Muscat
32%
488.3208.2Sana'a
32%
509.33187.2Oman
32%
482.1179.9Saudi Arabia
32%
488.3208.2Yemen
32%
43964.8Estonia
29%
614.2104.1Ulaanbaatar
29%
665.7127Pyongyang
29%
669139Seoul
29%
665.7127North Korea
29%
414.360.5Sweden
29%
43964.8Tallinn
29%
43752Finland
29%
610.3194.9Vientiane
29%
43752Helsinki
29%
414.360.5Stockholm
29%
614.2104.1Mongolia
29%
669139South Korea
29%
583181.8Bangladesh
29%
533100Kazakhstan
29%
513130.6Turkmenistan
29%
533100Astana
29%
548122Bishkek
29%
525122.5Tashkent
29%
545.2133.5Dushanbe
29%
548122Kyrgyzstan
29%
545.2133.5Tajikistan
29%
525122.5Uzbekistan
29%
528149.2Afghanistan
29%
535.7164.2Islamabad
29%
513130.6Ashgabat
29%
206190.2Cuba
26%
206190.2Havana
26%
798.1328.7Tonga
24%
494.3174Manama
24%
798.1328.7Nukuʻalofa
24%
455.3143.7Cyprus
24%
455.3143.7Nicosia
24%
760.6232.2Majuro
24%
209180.9Bahamas
24%
494.3174Bahrain
24%
657220.6Manila
24%
657220.6Philippines
24%
479.4301.4Moroni
24%
479.4301.4Comoros
24%
209180.9Nassau
24%
326.7206.9Praia
24%
326.7206.9Cape Verde
24%
760.6232.2Marshall Islands
24%
680.5241.3Ngerulmud
24%
221197Santo Domingo
24%
680.5241.3Palau
24%
782.9320.1Fiji
24%
782.9320.1Suva
24%
545.9248.9Maldives
24%
218196Haiti
24%
218196Port-au-Prince
24%
545.9248.9Malé
24%
221197Dominican Republic
24%
693.3140Tokyo
24%
412.9141.1Malta
24%
756.2263.4Yaren
24%
412.9141.1Valletta
24%
756.2263.4Nauru
24%
693.3140Japan
24%
804.5282.8Tuvalu
21%
804.5282.8Funafuti
21%
242.4209.5Dominica
21%
652.9182.1Taiwan
21%
652.9182.1Taipei
21%
242.4209.5Roseau
21%
206200.2Jamaica
18%
717.7235.2Federated States of Micronesia
18%
717.7235.2Palikir
18%
206200.2Kingston
18%
241.6220.6Saint George's
18%
34143Reykjavík
18%
742.1295Solomon Islands
18%
742.1295Honiara
18%
241.6220.6Grenada
18%
34143Iceland
18%
239.4203.4Saint Kitts and Nevis
16%
510.1329.1Mauritius
16%
510.1329.1Port Louis
16%
614.2256.7Singapore
16%
614.2256.7Singapore (cap)
16%
239.4203.4Basseterre
16%
776.7391.9New Zealand
16%
486324.3Madagascar
16%
486324.3Antananarivo
16%
776.7391.9Wellington
16%
241.4204Saint John's
16%
241.4204Antigua and Barbuda
16%
242.5226.6Port-of-Spain
16%
242.7216.8Kingstown
16%
242.7216.8Saint Vincent and the Grenadines
16%
395.5260.6São Tomé
16%
505.5277Seychelles
16%
505.5277Victoria
16%
562235.3Sri Jayawardenepura Kotte
16%
562235.3Sri Lanka
16%
21272South Tarawa
16%
21272Kiribati
16%
243.2214.6Saint Lucia
16%
243.2214.6Castries
16%
683342Australia
16%
683342Canberra
16%
246.5217Bridgetown
16%
246.5217Barbados
16%
755.5318.6Port Vila
16%
755.5318.6Vanuatu
16%
395.5260.6São Tomé and Príncipe
16%
242.5226.6Trinidad and Tobago
13%

Score Distribution

Percentile by Number Answered

Percent of People with Each Score

Your Score History

You have not taken this quiz